01973cam a22002655a 4500999001700000005001700017008004100034020001800075040005000093043001200143082002100155100002000176245004500196260005300241300003500294490004400329504005100373520100000424650004201424650004501466651001001511653002201521942000801543952015601551 c27276d2724720190327122222.0171216t2018 enka frb 001 0 eng d a9781107602397 aStDuBDSbengcStDuBDSdUkdEG-ScBUEdEG-ScBUE af------04a323.096bIBH2221 aIbhawoh, Bonny.10aHuman rights in Africa /cBonny Ibhawoh. aNew York :bCambridge University Press,cc.2018. axxii, 245 p. :bill. ;c24 cm.0 aNew approaches to African history ;v12 aIncludes bibliographical references and index. aHuman rights have a deep and tumultuous history that culminates in the age of rights we live in today, but where does Africa's story fit in with this global history? Here, Bonny Ibhawoh maps this story and offers a comprehensive and interpretative history of human rights in Africa. Rather than a tidy narrative of ruthless violators and benevolent protectors, this book reveals a complex account of indigenous African rights traditions embodied in the wisdom of elders and sages; of humanitarians and abolitionists who marshalled arguments about natural rights and human dignity in the cause of anti-slavery; of the conflictual encounters between natives and colonists in the age of Empire and the "civilizing mission"; of nationalists and anti-colonialists who deployed an emergent lexicon of universal human rights to legitimize longstanding struggles for self-determination, and of dictators and dissidents locked in struggles over power in the era of independence and constitutional rights. 7aHuman rightszAfricaxHistory.2BUEsh 7aHuman rightszAfricaxPhilosophy.2BUEsh 2BUEsh bBUSBOLcMarch2019 2ddc 00102ddc40708AlahramaMAINbMAINc1STd2019-03-23ePurchaseg565.00h526l1m3o323.096 IBHp000043270r2025-07-15 00:00:00s2022-02-24v706.25yBB